| 000 | 00888cam a2200277u 4500 | ||
|---|---|---|---|
| 001 | 7841416 | ||
| 003 | OSt | ||
| 005 | 20230920130652.0 | ||
| 008 | 820922s1929 ii 000 0 eng | ||
| 010 | _a 38036221 | ||
| 020 | _a9789391928827 | ||
| 040 |
_aDLC _cCarP _dDLC |
||
| 043 | _aa-ii--- | ||
| 050 | 0 | 0 |
_aJC50 _b.D5 |
| 082 |
_a351.34 _bDIK/H |
||
| 100 | 1 |
_aDikshitar, V. R. Ramachandra _92696 |
|
| 245 | 1 | 0 |
_aHindu administrative institutions,/ _cV R Ramachandra Dikshitar |
| 260 |
_a[Madras] _bThe University of Madras, _c1929. |
||
| 300 |
_axxv, 401 p. _c23 cm. |
||
| 650 | 0 | _aHindus. | |
| 650 | 0 | _aPolitical science. | |
| 651 | 0 |
_aIndia _xPolitics and government _yTo 997. |
|
| 700 | 1 |
_aKrishnaswami Aiyangar, Sakkottai, _d1871-1947, _eed. |
|
| 906 |
_a0 _bcbc _cpremunv _du _encip _f19 _gy-gencatlg |
||
| 942 |
_2ddc _cBK _h351.34 _iDIK/H _k351.34 _mDIK/H |
||
| 999 |
_c42274 _d42274 |
||